Movies Quiz

Random Movies or Clickable Quiz

Similar Movie Match-Up Quiz Stats

Quiz Updated Sep 8, 2015

Challenge
Share
Tweet
Score 0/25 Timer 05:00
2 Plays Today
% Correct
A Bug's Life
99.4%
Finding Nemo
96.8%
1492: Conquest of Paradise
95.9%
Showgirls
95.3%
Mission to Mars
95.2%
Friends with Benefits
94.8%
Gremlins
93.6%
This is the End
92.8%
GoBots: Battle of the Rock Lords
92.8%
Snow White and the Huntsman
92.2%
Little Big League
91.1%
White House Down
89.3%
Armageddon
88.5%
% Correct
An American Werewolf in London
87.8%
The Truman Show
87.7%
An American Tail
86.3%
Dante's Peak
85.5%
Iron Eagle
84.1%
The Illusionist
83.9%
Surf's Up
82.4%
Turner & Hooch
82.1%
Observe and Report
81.5%
Babe
81.1%
Tombstone
77.9%
The Cave
75.6%

You're not logged in!

Compare scores with friends on all Sporcle quizzes.
Sign Up with Email
OR
Log In

You Might Also Like...

Show Comments

Extras

Top Quizzes Today


Score Distribution

Your Account Isn't Verified!

In order to create a playlist on Sporcle, you need to verify the email address you used during registration. Go to your Sporcle Settings to finish the process.